|
|
|
|
| LEADER |
00000nam0a2200000 4500 |
| 001 |
273965 |
| 005 |
20231101234700.0 |
| 035 |
|
|
|a (RuTPU)RU\TPU\book\297175
|
| 090 |
|
|
|a 273965
|
| 100 |
|
|
|a 20141030d1987 m y0rusy50 ca
|
| 101 |
0 |
|
|a rus
|
| 102 |
|
|
|a RU
|
| 105 |
|
|
|a a j 000zy
|
| 200 |
1 |
|
|a Промышленные роботы для обслуживания металлорежущих станков
|e учебное пособие для среднего профессионально-технического образования
|f Е. М. Канаев [и др.]
|
| 210 |
|
|
|a Москва
|c Высшая школа
|d 1987
|
| 215 |
|
|
|a 62 с.
|c ил.
|
| 225 |
1 |
|
|a Промышленные роботы
|v Кн. 3
|
| 606 |
1 |
|
|a Металлорежущие станки-роботы
|2 stltpush
|3 (RuTPU)RU\TPU\subj\71082
|9 85144
|
| 610 |
1 |
|
|a детали
|
| 610 |
1 |
|
|a механическая обработка
|
| 610 |
1 |
|
|a роботизированные технологические комплексы
|
| 610 |
1 |
|
|a токарная обработка
|
| 610 |
1 |
|
|a валы
|
| 610 |
1 |
|
|a шлифование
|
| 610 |
1 |
|
|a призматические детали
|
| 610 |
1 |
|
|a металлорежущие станки
|
| 610 |
1 |
|
|a обслуживание
|
| 610 |
1 |
|
|a промышленные районы
|
| 610 |
1 |
|
|a учебные пособия
|
| 675 |
|
|
|a 621.9.06-52(075.32)
|v 4
|
| 701 |
|
1 |
|a Канаев
|b Е. М.
|g Евгений Максимович
|
| 701 |
|
1 |
|a Козырев
|b Ю. Г.
|g Юрий Георгиевич
|
| 701 |
|
1 |
|a Черпаков
|b Б. И.
|g Борис Ильич
|
| 701 |
|
1 |
|a Царенко
|b В. И.
|g Виталий Ильич
|
| 801 |
|
1 |
|a RU
|b 63413507
|c 20141030
|
| 801 |
|
2 |
|a RU
|b 63413507
|c 20151013
|g RCR
|
| 942 |
|
|
|c BK
|